[Event "Kalamazoo (Swiss/3/8)"]
[Site "?"]
[Date "1996.??.??"]
[Round "?"]
[White "Nolan, Matthew"]
[Black "Pecot, Dave"]
[Result "0-1"]
[WhiteElo "1605"]
[BlackElo "1605"]
[PlyCount "121"]
[EventDate "1996.??.??"]

{3/(8)} 1. e4 e5 2. Nf3 f5 3. exf5 e4 4. Nd4 Nf6 5. Nc3 c5 6. Nb3 d5 7. d4 exd3
8. Qxd3 Qe7+ 9. Qe3 Qxe3+ 10. Bxe3 d4 11. Bxd4 cxd4 12. Nb5 Nd5 13. Bc4 Bb4+
14. c3 dxc3 15. bxc3 Bxc3+ 16. Nxc3 Nxc3 17. O-O Nc6 18. Rfe1+ Ne7 19. Rac1 Na4
20. Bb5+ Bd7 21. Bxd7+ Kxd7 22. Rcd1+ Ke8 23. Re6 Rd8 24. Rxd8+ Kxd8 25. f6
gxf6 26. Rxf6 Re8 27. h3 Nc6 28. Rf7 Re7 29. Rf8+ Kc7 30. g4 Nc3 31. Nc1 Re1+
32. Kg2 Rxc1 33. Rf7+ Kc8 34. Rxh7 Nxa2 35. g5 Rc4 36. g6 Nc3 37. g7 Ne7 38.
Rh8+ Kd7 39. g8=Q Nxg8 40. Rxg8 a5 41. Rg7+ Kc6 42. Rg6+ Kd5 43. Rg5+ Kc6 44.
Rg6+ Kd5 45. Rg5+ Kc6 46. Rxa5 b5 47. Ra1 b4 48. Kg3 b3 49. h4 b2 50. Re1 b1=Q
51. Rxb1 Nxb1 52. h5 Kd6 53. h6 Rc7 54. Kg4 Ke6 55. Kg5 Kf7 56. f4 Rc6 57. f5
Rc5 58. Kg4 Kf6 59. h7 Rc8 60. Kh5 Rh8 61. Kh6 0-1

[Event "Flint (MI Jr/2/13)"]
[Site "?"]
[Date "1996.??.??"]
[Round "?"]
[White "Nolan, Matthew"]
[Black "Joyce, K."]
[Result "1-0"]
[WhiteElo "1605"]
[BlackElo "1605"]
[PlyCount "117"]
[EventDate "1996.??.??"]

{2/(13)} 1. e4 e6 2. d4 Nf6 3. e5 Nd5 4. c4 Bb4+ 5. Bd2 Bxd2+ 6. Qxd2 Nb6 7. c5
Nc4 8. Bxc4 Qh4 9. Nf3 Qe4+ 10. Qe2 d5 11. Qxe4 dxe4 12. Ng5 Nc6 13. Bb5 Bd7
14. Bxc6 Bxc6 15. O-O h6 16. Nh3 O-O-O 17. f3 Rxd4 18. fxe4 Bxe4 19. Rxf7 Rd1+
20. Rf1 Rxf1+ 21. Kxf1 Bd3+ 22. Ke1 Rd8 23. Na3 Rd5 24. Nf4 Rxe5+ 25. Kd2 Bf5
26. Re1 Rxc5 27. Nxe6 Rd5+ 28. Kc3 Rd3+ 29. Kc4 g5 30. Nc5 Rd6 31. Kc3 Rd8 32.
Re7 b6 33. Na6 Rd3+ 34. Kc4 Kb7 35. Nxc7 Rd7 36. Rxd7 Bxd7 37. Nd5 Be6 38. Kd4
Kc6 39. Nb4+ Kd7 40. Nc4 b5 41. Ne5+ Kd6 42. a3 a5 43. Nbc6 a4 44. Na7 Ke7 45.
Nxb5 h5 46. Nc3 Bb3 47. Kc5 Kf6 48. Nc4 Kf5 49. Kb4 Kf4 50. Nxa4 Bxc4 51. Kxc4
g4 52. Kd3 h4 53. Ke2 g3 54. h3 Ke4 55. Nc3+ Kd4 56. a4 Kc5 57. Kf3 Kb4 58. Kg4
Kb3 59. a5 1-0

[Event "Flint (MI Jr/5/16)"]
[Site "?"]
[Date "1996.??.??"]
[Round "?"]
[White "Nolan, Matthew"]
[Black "Jackson, Katrina"]
[Result "0-1"]
[WhiteElo "1605"]
[BlackElo "1605"]
[PlyCount "48"]
[EventDate "1996.??.??"]

{5/(16)} 1. e4 e6 2. d4 d5 3. e5 c5 4. Bb5+ Bd7 5. Bxd7+ Nxd7 6. c3 Ne7 7. Nf3
Ng6 8. O-O Be7 9. Nbd2 O-O 10. c4 cxd4 11. cxd5 Ndxe5 12. Nxe5 Nxe5 13. dxe6
fxe6 14. Nb3 Nc6 15. Qg4 Qd6 16. Bh6 Rf7 17. Rad1 e5 18. Bg5 Qg6 19. h4 h6 20.
h5 Qxg5 21. Qe4 Qxh5 22. Rc1 Rf4 23. Qd5+ Kh8 24. Qd7 Rh4 0-1

[Event "Flint (MI Jr/4/11)"]
[Site "?"]
[Date "1996.??.??"]
[Round "?"]
[White "Nolan, Matthew"]
[Black "Charette, K."]
[Result "0-1"]
[WhiteElo "1605"]
[BlackElo "1605"]
[PlyCount "96"]
[EventDate "1996.??.??"]

{4/(11)} 1. e4 e5 2. Nf3 Nf6 3. Bc4 Nxe4 4. Nxe5 d6 5. Nxf7 Qf6 6. O-O Rg8 7.
Qe1 Qe7 8. d3 Nf6 9. Qxe7+ Bxe7 10. Bg5 Nbd7 11. Nc3 Rf8 12. Nd5 Nxd5 13. Bxd5
Rxf7 14. Bxf7+ Kxf7 15. Bxe7 Kxe7 16. Rfe1+ Kf8 17. Re2 Nf6 18. Rae1 Bd7 19. g3
Re8 20. Rxe8+ Bxe8 21. f4 Nd5 22. a3 Nb6 23. Re4 Bg6 24. Re1 Na4 25. b3 Nc3 26.
g4 Nb5 27. f5 Bf7 28. a4 Nd4 29. Kf2 Nxc2 30. Rc1 Bxb3 31. Rb1 Bd5 32. Rc1 Nb4
33. Rxc7 Nxd3+ 34. Ke3 Nb2 35. Kd4 Bc6 36. a5 a6 37. h4 Nd1 38. g5 Nf2 39. Ke3
Ng4+ 40. Kf4 Ne5 41. f6 gxf6 42. gxf6 Nd7 43. Kf5 Kf7 44. h5 h6 45. Rc8 Nxf6
46. Rh8 Kg7 47. Rd8 d5 48. Rc8 Bd7+ 0-1

[Event "Flint (MI Jr/4/5)"]
[Site "?"]
[Date "1996.??.??"]
[Round "?"]
[White "Nolan, Brian"]
[Black "McNeil, Yaking"]
[Result "0-1"]
[WhiteElo "1605"]
[BlackElo "1605"]
[PlyCount "122"]
[EventDate "1996.??.??"]

{4/(5)} 1. d4 Nf6 2. c4 c5 3. d5 d6 4. Nc3 e6 5. e4 exd5 6. exd5 g6 7. Nf3 Bg7
8. Be2 O-O 9. O-O Bg4 10. Bf4 a6 11. Qd2 Re8 12. Rfe1 Nh5 13. h3 Bxf3 14. Bxf3
Nxf4 15. Qxf4 Be5 16. Qd2 Nd7 17. Rac1 Qg5 18. b3 b5 19. Ne4 Qxd2 20. Nxd2 Re7
21. Bg4 f5 22. Be2 b4 23. Nb1 Rae8 24. Kf1 Nf6 25. Bd3 Nh5 26. g3 Nf6 27. f4
Bd4 28. Rxe7 Rxe7 29. Re1 Rxe1+ 30. Kxe1 Nh5 31. g4 Nxf4 32. Bc2 fxg4 33. hxg4
Ng2+ 34. Ke2 Ne3 35. Be4 Nxg4 36. Nd2 Ne5 37. Nf3 Nxf3 38. Kxf3 Kg7 39. Kf4 Kf6
40. Bg2 h5 41. Bh3 g5+ 42. Kg3 Be5+ 43. Kf2 g4 44. Bf1 Kg5 45. Kg2 h4 46. Kf2
h3 47. Kg1 Kh4 48. Kf2 g3+ 49. Kf3 g2 50. Bxg2 hxg2 51. Kxg2 Kg4 52. Kf2 Kf4
53. Ke2 Ke4 54. Kd2 Kd4 55. Kc2 Ke3 56. Kc1 Kd3 57. Kb1 Kd2 58. a4 bxa3 59. b4
cxb4 60. c5 b3 61. c6 a2# 0-1

[Event "Flint (MI Jr/2/6)"]
[Site "?"]
[Date "1996.??.??"]
[Round "?"]
[White "Nolan, Brian"]
[Black "Gentry, Loyd"]
[Result "0-1"]
[WhiteElo "1605"]
[BlackElo "1605"]
[PlyCount "138"]
[EventDate "1996.??.??"]

{2/(6)} 1. d4 d5 2. c4 e6 3. Nc3 Nf6 4. Bg5 Be7 5. e3 c6 6. Nf3 Nbd7 7. cxd5
exd5 8. Bd3 O-O 9. O-O Re8 10. Rc1 Nf8 11. h3 Ng6 12. Qc2 Nd7 13. Bxe7 Qxe7 14.
a3 Ndf8 15. b4 Qf6 16. b5 Bxh3 17. gxh3 Qxf3 18. Kh2 Nh4 19. Rg1 Re6 20. Rg3
Qh5 21. Be2 Qh6 22. Bg4 Rf6 23. Rcg1 Nfg6 24. bxc6 bxc6 25. Rb1 Ne7 26. Qb2 g6
27. Nd1 Nhf5 28. Rg1 Nd6 29. Qb4 Qf8 30. Kg2 Nec8 31. Bxc8 Qxc8 32. Nc3 Nf5 33.
f4 Nxe3+ 34. Kg3 Nf5+ 35. Kf3 Nd6 36. Kg3 Qf5 37. Rgf1 Re8 38. Nd1 Qd3+ 39. Rf3
Ne4+ 40. Kg2 Qe2+ 41. Nf2 Nxf2 42. Rxf2 Rxf4 43. Rxe2 Rxe2+ 44. Kg3 Rfe4 45.
Qb8+ Kg7 46. Qxa7 R4e3+ 47. Kh4 Rg2 48. Qd7 Re4+ 49. Qg4 Rgxg4+ 50. hxg4 Rxd4
51. Kg3 Ra4 52. Ra1 c5 53. Kf2 Kf6 54. Rc1 c4 55. Ra1 Kg5 56. Ke3 f5 57. gxf5
Kxf5 58. Kd4 Ke6 59. Re1+ Kd6 60. Ra1 h5 61. Rg1 Rxa3 62. Rxg6+ Ke7 63. Kxd5 c3
64. Rc6 h4 65. Ke4 Kd7 66. Rc4 Kd6 67. Kf3 Kd5 68. Rxh4 c2+ 69. Ke2 c1=Q 0-1

[Event "Detroit (Class C/1/14)"]
[Site "?"]
[Date "1996.??.??"]
[Round "?"]
[White "Nixon, Peter"]
[Black "Rosebrook, G."]
[Result "0-1"]
[WhiteElo "1605"]
[BlackElo "1605"]
[PlyCount "76"]
[EventDate "1996.??.??"]

{1/(14)} 1. e4 c5 2. Nf3 d6 3. d4 g6 4. dxc5 Qa5+ 5. Bd2 Qxc5 6. Nc3 Bg7 7. Bd3
Bd7 8. O-O Nc6 9. Be3 Bd4 10. Nxd4 Nxd4 11. Ne2 e5 12. Nxd4 exd4 13. Bf4 Nf6
14. Re1 Ng4 15. h3 Ne5 16. Bh6 g5 17. Rc1 Rg8 18. Qh5 Ng6 19. e5 O-O-O 20. Bxg5
Rde8 21. exd6 Nf4 22. Rxe8+ Bxe8 23. Qxh7 Qxg5 24. Qf5+ Bd7 25. Qxg5 Rxg5 26.
Re1 Rxg2+ 27. Kh1 Bxh3 28. Bb5 Be6 29. Re4 Rxf2 30. Rxd4 Rf3 31. d7+ Kd8 32.
Re4 Rh3+ 33. Kg1 Nd5 34. Bc4 Rh5 35. Rd4 Kxd7 36. Bxd5 Rxd5 37. Rxd5+ Bxd5 38.
Kf2 Bxa2 0-1

[Event "Detroit (Class C/5/7)"]
[Site "?"]
[Date "1996.??.??"]
[Round "?"]
[White "Nixon, Peter"]
[Black "Raupp, Helene"]
[Result "1/2-1/2"]
[WhiteElo "1605"]
[BlackElo "1605"]
[PlyCount "50"]
[EventDate "1996.??.??"]

{5/(7)} 1. e4 e6 2. d4 d5 3. exd5 exd5 4. Nf3 Bg4 5. Be2 Nf6 6. O-O Be7 7. Nc3
O-O 8. Re1 Nbd7 9. Ne5 Nxe5 10. dxe5 Bxe2 11. Rxe2 Ne4 12. Nxd5 Nc5 13. Nxe7+
Qxe7 14. Bf4 Rad8 15. Qe1 Rfe8 16. Kf1 Ne6 17. Bg3 Nd4 18. Rd2 Nf5 19. Bf4 Qh4
20. Rxd8 Rxd8 21. Rd1 Nd4 22. Qe4 Ne6 23. Rxd8+ Qxd8 24. Ke1 c6 25. Bd2 g6
1/2-1/2

[Event "Detroit (MI Team/1/2/1)"]
[Site "?"]
[Date "1996.??.??"]
[Round "?"]
[White "Nixon, Peter"]
[Black "Rajlich, Vasik"]
[Result "0-1"]
[WhiteElo "1605"]
[BlackElo "2195"]
[PlyCount "44"]
[EventDate "1996.??.??"]

{1/2} 1. e4 c5 2. Nf3 d6 3. d4 cxd4 4. Nxd4 Nf6 5. Nc3 a6 6. Bc4 e6 7. O-O b5
8. Bd3 Be7 9. Be3 O-O 10. a3 Bb7 11. f3 Nbd7 12. Qd2 Rc8 13. b4 Qc7 14. Rac1
Qxc3 15. Qxc3 Rxc3 16. Ra1 Ne5 17. Rfd1 d5 18. Bf4 Ng6 19. Bd2 Rc7 20. Rac1
dxe4 21. fxe4 Nxe4 22. Be3 Bf6 0-1

[Event "Lansing (MOR/1a/23)"]
[Site "?"]
[Date "1996.??.??"]
[Round "?"]
[White "Nixon, Peter"]
[Black "Nikitin, Matt"]
[Result "1-0"]
[WhiteElo "1605"]
[BlackElo "1605"]
[PlyCount "89"]
[EventDate "1996.??.??"]

1. e4 e5 2. Nf3 d6 3. Bc4 Nf6 4. Nc3 Nc6 5. d4 Bg4 6. Be2 Be7 7. d5 Bxf3 8.
dxc6 Bxe2 9. Qxe2 bxc6 10. O-O O-O 11. b3 d5 12. exd5 cxd5 13. Qxe5 Qd6 14. Bf4
Qxe5 15. Bxe5 Bb4 16. Bxf6 gxf6 17. Nxd5 Bd6 18. Rad1 Be5 19. f4 c6 20. fxe5
cxd5 21. Rxd5 fxe5 22. Rxe5 Rac8 23. c4 Rfe8 24. Rfe1 Rxe5 25. Rxe5 Rd8 26. Rd5
Rxd5 27. cxd5 Kf8 28. Kf2 Ke7 29. Ke3 Kd6 30. Kd4 h5 31. b4 f5 32. b5 f4 33. a4
h4 34. h3 Kc7 35. Kc5 Kb7 36. d6 Kc8 37. Kc6 Kd8 38. d7 Ke7 39. Kc7 Ke6 40.
d8=Q Ke5 41. Qa8 Kd4 42. Qxa7+ Ke4 43. Qf2 f3 44. gxf3+ Kf4 45. Kd6 1-0

[Event "Howell (US Am N/4/41)"]
[Site "?"]
[Date "1996.??.??"]
[Round "?"]
[White "Nixon, Peter"]
[Black "Miller, Doug"]
[Result "1-0"]
[WhiteElo "1605"]
[BlackElo "1605"]
[PlyCount "75"]
[EventDate "1996.??.??"]

{4/(41)} 1. e4 e5 2. Nf3 Nc6 3. Bb5 Nf6 4. O-O d6 5. d4 exd4 6. Nxd4 Bd7 7.
Nxc6 bxc6 8. Ba4 Be7 9. Nc3 O-O 10. Bf4 Rb8 11. Bb3 c5 12. e5 Ng4 13. exd6 cxd6
14. Bxd6 Bxd6 15. Qxd6 Rc8 16. Nd5 Kh8 17. h3 c4 18. hxg4 cxb3 19. c3 Bxg4 20.
Qxd8 Rcxd8 21. Ne3 Be6 22. axb3 Rd2 23. Rxa7 Bxb3 24. Rfa1 g6 25. Rb7 Be6 26.
b4 Rc8 27. Rc1 Kg7 28. c4 Kh6 29. c5 f5 30. Re7 Bd5 31. Rd7 Bxg2 32. Rxd2 Bc6
33. Rd6 Kg5 34. Nd5 Bxd5 35. Rxd5 h5 36. b5 h4 37. c6 Kf6 38. b6 1-0

[Event "Kalamazoo (MI Am/2/18)"]
[Site "?"]
[Date "1996.??.??"]
[Round "?"]
[White "Nixon, Peter"]
[Black "Hosking, R."]
[Result "1/2-1/2"]
[WhiteElo "1605"]
[BlackElo "1605"]
[PlyCount "60"]
[EventDate "1996.??.??"]

{2/(18)} 1. e4 c6 2. d4 d5 3. Nc3 dxe4 4. Nxe4 Bf5 5. Ng3 Bg6 6. Nf3 Nd7 7. Bd3
Bxd3 8. Qxd3 e6 9. O-O Ngf6 10. Re1 Be7 11. Bg5 Qc7 12. Ne5 Nxe5 13. dxe5 Nd5
14. Bxe7 Qxe7 15. Ne4 O-O 16. c4 Nf4 17. Qg3 Ng6 18. Nd6 b6 19. Rad1 Rfd8 20.
Rd2 Rd7 21. Red1 Rad8 22. b4 h6 23. c5 b5 24. Nc8 Rxd2 25. Nxe7+ Nxe7 26. Rxd2
Rxd2 27. h3 Rxa2 28. Qh4 Kf8 29. Qd4 Nd5 30. Qh4 Ne7 1/2-1/2

[Event "Kalamazoo (MI Am/4/16)"]
[Site "?"]
[Date "1996.??.??"]
[Round "?"]
[White "Nixon, Peter"]
[Black "Griffin, John"]
[Result "1-0"]
[WhiteElo "1605"]
[BlackElo "1605"]
[PlyCount "61"]
[EventDate "1996.??.??"]

{4/(16)} 1. e4 c5 2. Nf3 Nc6 3. d4 cxd4 4. Nxd4 Nf6 5. Nc3 e5 6. Ndb5 d6 7. Bg5
a6 8. Bxf6 gxf6 9. Na3 f5 10. Bc4 Qg5 11. g3 Nd4 12. Nd5 Rb8 13. Nc7+ Kd8 14.
Nd5 fxe4 15. Be2 Nxe2 16. Qxe2 f5 17. Nc4 Be6 18. Ncb6 Bxd5 19. Nxd5 Rg8 20.
Rd1 Rg7 21. f4 exf4 22. Nxf4 Qf6 23. Nh5 Qxb2 24. Nxg7 Qxg7 25. O-O Qe5 26. Qh5
Qc5+ 27. Kh1 Qxc2 28. Qxf5 Qa4 29. Qxf8+ Qe8 30. Qxd6+ Kc8 31. Rc1+ 1-0

[Event "Howell (US Am N/2/42)"]
[Site "?"]
[Date "1996.??.??"]
[Round "?"]
[White "Nixon, Peter"]
[Black "Grant, Marco"]
[Result "1-0"]
[WhiteElo "1605"]
[BlackElo "1605"]
[PlyCount "92"]
[EventDate "1996.??.??"]

{2/(42)} 1. e4 d5 2. exd5 Nf6 3. Nf3 c6 4. dxc6 Nxc6 5. Bb5 Bd7 6. O-O e6 7. d3
h6 8. Nc3 Bd6 9. Be3 Qc7 10. h3 a6 11. Ba4 b5 12. Bb3 Na5 13. Ne4 Nxe4 14. dxe4
O-O 15. Qd2 Nxb3 16. axb3 Bc6 17. Bxh6 gxh6 18. Qxh6 Bf4 19. Ng5 f6 20. Nxe6
Bxh6 21. Nxc7 Ra7 22. Ne6 Re8 23. Nc5 a5 24. Rad1 Bxe4 25. Rfe1 Rae7 26. Nxe4
Rxe4 27. Rxe4 Rxe4 28. Kf1 Bg7 29. Rd5 Re5 30. Rxe5 fxe5 31. c4 b4 32. Ke2 Kf7
33. Kd3 Ke6 34. Ke4 Bh6 35. g4 Bc1 36. c5 Bxb2 37. g5 a4 38. bxa4 b3 39. g6 Ba3
40. Kd3 Bxc5 41. Kc3 Bxf2 42. Kxb3 e4 43. Kc3 Kf6 44. Kd2 Kxg6 45. Ke2 Bc5 46.
Kf1 Kg5 1-0

[Event "Lansing (MOR/3/28)"]
[Site "?"]
[Date "1996.??.??"]
[Round "?"]
[White "Nixon, Peter"]
[Black "Feguer, Mike"]
[Result "1-0"]
[WhiteElo "1605"]
[BlackElo "1605"]
[PlyCount "32"]
[EventDate "1996.??.??"]

{3/(28)} 1. e4 e5 2. Nf3 Nc6 3. Bb5 Nf6 4. O-O Bc5 5. Nxe5 Nxe4 6. Bxc6 dxc6 7.
Qf3 O-O 8. Qxe4 Re8 9. d3 Qd6 10. Nxf7 Kxf7 11. Qxh7 Bxf2+ 12. Rxf2+ Ke7 13.
Qxg7+ Kd8 14. Bg5+ Re7 15. Rf8+ Kd7 16. Bxe7 Qd4+ 1-0

[Event "Detroit (MI Team/3/3/1)"]
[Site "?"]
[Date "1996.??.??"]
[Round "?"]
[White "Nixon, Peter"]
[Black "Calton, Bill"]
[Result "0-1"]
[WhiteElo "1605"]
[BlackElo "2160"]
[PlyCount "116"]
[EventDate "1996.??.??"]

{3/3} 1. e4 c6 2. c4 e5 3. Nf3 d6 4. b3 Nf6 5. d3 Be7 6. Be2 O-O 7. Bb2 a5 8.
O-O Nbd7 9. d4 Nxe4 10. dxe5 Nxe5 11. Nxe5 dxe5 12. Bxe5 Be6 13. Nc3 f6 14.
Nxe4 fxe5 15. Qxd8 Raxd8 16. Rad1 Rd4 17. Rxd4 exd4 18. Rd1 c5 19. Bd3 a4 20.
Re1 axb3 21. axb3 Bf7 22. Ra1 Rc8 23. Ra7 Rb8 24. Ra5 b5 25. Ra7 Kf8 26. Rc7
bxc4 27. bxc4 Rb3 28. Rc8+ Be8 29. Bf1 Rb1 30. Nxc5 Bxc5 31. Rxc5 Bg6 32. Rb5
Rc1 33. Rb3 d3 34. Rb2 Rd1 35. g3 d2 36. Rb8+ Be8 37. Rd8 Ke7 38. Rd4 Ba4 39.
Kg2 Rxf1 40. Kxf1 d1=Q+ 41. Rxd1 Bxd1 42. Ke1 Bg4 43. Kd2 Kd6 44. Ke3 Ke5 45.
f4+ Kf5 46. c5 Ke6 47. Kd4 Bf3 48. Ke3 Bc6 49. Kd4 Kf5 50. h3 Bg2 51. h4 Kg4
52. Ke5 Kxg3 53. h5 h6 54. f5 Kg4 55. Ke6 Kg5 56. Kf7 Kxf5 57. Kxg7 Kg5 58. Kf7
Kxh5 0-1

[Event "Detroit (Class C/2/12)"]
[Site "?"]
[Date "1996.??.??"]
[Round "?"]
[White "Nixon, Peter"]
[Black "Bezrutch, B."]
[Result "1-0"]
[WhiteElo "1605"]
[BlackElo "1605"]
[PlyCount "103"]
[EventDate "1996.??.??"]

{2/(12)} 1. e4 e5 2. Nf3 Nc6 3. Bb5 Nf6 4. O-O Be7 5. Nc3 d6 6. d4 O-O 7. Bxc6
bxc6 8. dxe5 Nd7 9. Bf4 Nb6 10. Qd3 Bb7 11. exd6 cxd6 12. Rad1 d5 13. exd5 cxd5
14. b3 Rc8 15. Nd4 Bf6 16. Rfe1 Re8 17. Re3 Qd7 18. Rde1 Rxe3 19. Qxe3 Bxd4 20.
Qxd4 Re8 21. Rxe8+ Qxe8 22. Qe5 Qxe5 23. Bxe5 f6 24. Bd4 Nc8 25. Kf1 Kf7 26.
Ke2 Ke6 27. g4 Bc6 28. Kd3 a6 29. f4 g6 30. a4 f5 31. g5 Nd6 32. Ne2 Ne4 33.
Be5 Kd7 34. Kd4 Bb7 35. Nc3 Nxc3 36. Kxc3 Kc6 37. Kd4 Kd7 38. Kc5 Kd8 39. Kb6
Bc8 40. Kc6 Be6 41. Kb6 Bc8 42. b4 Kd7 43. c3 Ke6 44. b5 axb5 45. axb5 Bd7 46.
Kc5 Bc8 47. Kc6 Bd7+ 48. Kb6 Ke7 49. Ka6 Bc8+ 50. Ka7 Kd8 51. b6 Kd7 52. b7 1-0

[Event "Lansing (MOR/5/31)"]
[Site "?"]
[Date "1996.??.??"]
[Round "?"]
[White "Nixon, Peter"]
[Black "Aguilar, Javier"]
[Result "0-1"]
[WhiteElo "1605"]
[BlackElo "1605"]
[PlyCount "64"]
[EventDate "1996.??.??"]

{5/(31)} 1. e4 c5 2. Nf3 d6 3. b3 Nf6 4. Nc3 g6 5. Bb2 Bg7 6. d4 cxd4 7. Qxd4
Nc6 8. Bb5 Bd7 9. Bxc6 Bxc6 10. O-O-O O-O 11. h4 a5 12. a4 Qd7 13. Nd5 Bxd5 14.
exd5 b5 15. h5 bxa4 16. bxa4 Nxh5 17. Qh4 Bxb2+ 18. Kxb2 Rab8+ 19. Kc1 Rb4 20.
Rd4 Rxd4 21. Qxd4 Nf6 22. Rh6 Qg4 23. Qxg4 Nxg4 24. Rh1 h5 25. Nd4 Ra8 26. f3
Ne3 27. g4 hxg4 28. fxg4 Nxd5 29. Rh3 Rc8 30. Rb3 Rc4 31. Rd3 Rxa4 32. Nc6 e6
0-1

[Event "Detroit (Class C/1/8)"]
[Site "?"]
[Date "1996.??.??"]
[Round "?"]
[White "Nikitin, Mike"]
[Black "Wright, Ken"]
[Result "0-1"]
[WhiteElo "1605"]
[BlackElo "1605"]
[PlyCount "39"]
[EventDate "1996.??.??"]

{1/(8)} 1. d4 e6 2. Nc3 Nf6 3. e4 Bb4 4. Bd3 h6 5. Nge2 b6 6. a3 Bxc3+ 7. Nxc3
Bb7 8. O-O d6 9. Be3 Nbd7 10. f3 Qe7 11. Nb5 Nf8 12. c4 Ng6 13. b4 Nh7 14. Re1
Ng5 15. Rc1 a6 16. Nc3 O-O 17. Rf1 d5 18. c5 Qf6 19. Rf2 Nf4 20. Be2 {
[Remainder illegible: 0-1, ??]} 0-1

[Event "Lansing (MOR/6/22)"]
[Site "?"]
[Date "1996.??.??"]
[Round "?"]
[White "Nikitin, Mike"]
[Black "Williams, Claude"]
[Result "1-0"]
[WhiteElo "1605"]
[BlackElo "1605"]
[PlyCount "78"]
[EventDate "1996.??.??"]

{6/(22)} 1. d4 Nf6 2. c4 e6 3. Nc3 Bb4 4. Bd2 c5 5. a3 Bxc3 6. Bxc3 b6 7. f3
Bb7 8. Nh3 O-O 9. e3 d5 10. cxd5 Nxd5 11. Qd2 Nxc3 12. bxc3 Nd7 13. Bd3 f5 14.
Qc2 Rc8 15. Qb3 Rf6 16. Ng5 Nf8 17. Bc4 Qe7 18. O-O h6 19. Nh3 Kh8 20. Rac1 Ng6
21. Nf4 Nxf4 22. exf4 Rg6 23. Rce1 Re8 24. d5 Qd6 25. Re5 Re7 26. Kf2 exd5 27.
Bxd5 Kh7 28. Bg8+ Kh8 29. Rd1 Rxg2+ 30. Kxg2 Qg6+ 31. Kf2 Qh5 32. Rd3 Qxh2+ 33.
Ke1 Rxe5+ 34. fxe5 Qg3+ 35. Kd2 Qf2+ 36. Kc1 Qf1+ 37. Rd1 Qxf3 38. Rd8 Qe3+ 39.
Kb2 Be4 $138 1-0

[Event "Cadillac Open/1a/1"]
[Site "?"]
[Date "1996.??.??"]
[Round "?"]
[White "Nikitin, Mike"]
[Black "Ronneberg, E."]
[Result "0-1"]
[WhiteElo "1605"]
[BlackElo "2250"]
[PlyCount "38"]
[EventDate "1996.??.??"]

1. d4 Nf6 2. c4 g6 3. Nc3 Bg7 4. Nf3 O-O 5. Bf4 d5 6. e3 c5 7. Nb5 Na6 8. a3
Bg4 9. Be2 dxc4 10. Bxc4 cxd4 11. Nbxd4 Nd5 12. Bg3 e5 13. Qb3 Nc5 14. Qa2 exd4
15. Bxd5 Nd3+ 16. Kf1 Rc8 17. Bxb7 Nc1 18. Bxc8 Qxc8 19. Qd5 Qa6+ 0-1

[Event "Detroit (Class C/5/5)"]
[Site "?"]
[Date "1996.??.??"]
[Round "?"]
[White "Nikitin, Mike"]
[Black "Piasecki, Vince"]
[Result "1-0"]
[WhiteElo "1605"]
[BlackElo "1605"]
[PlyCount "105"]
[EventDate "1996.??.??"]

{5/(5)} 1. d4 Nf6 2. Nc3 e6 3. e4 Bb4 4. Bd3 Nc6 5. Nge2 e5 6. Be3 Ng4 7. Qd2
Qf6 8. dxe5 Ncxe5 9. Nf4 Nxe3 10. fxe3 Qh4+ 11. Qf2 Bxc3+ 12. bxc3 Qxf2+ 13.
Kxf2 d6 14. h3 O-O 15. Nd5 c6 16. Ne7+ Kh8 17. c4 Be6 18. Nf5 Rad8 19. Rab1 b6
20. Rb4 c5 21. Ra4 Rd7 22. Rb1 g6 23. Nh4 Nc6 24. Ke2 Ne7 25. Nf3 f5 26. Nd2
Nc6 27. Rb2 Rdf7 28. Rb1 fxe4 29. Bxe4 Bd7 30. Bd5 Rf2+ 31. Ke1 Na5 32. Ra3
R2f6 33. Ke2 Bf5 34. e4 Bd7 35. Rf1 Rxf1 36. Nxf1 a6 37. Nd2 Rc8 38. Rf3 Rd8
39. Rf7 b5 40. cxb5 axb5 41. c4 b4 42. Nf3 b3 43. axb3 Nxb3 44. Ng5 Nd4+ 45.
Kd3 Be6 46. Rxh7+ Kg8 47. Bxe6+ Nxe6 48. Nxe6 Kxh7 49. Nxd8 Kh6 50. Nf7+ Kh5
51. Ke3 g5 52. g3 g4 53. h4 1-0

[Event "Detroit (Class C/3/8)"]
[Site "?"]
[Date "1996.??.??"]
[Round "?"]
[White "Nikitin, Mike"]
[Black "Nixon, Peter"]
[Result "1-0"]
[WhiteElo "1605"]
[BlackElo "1605"]
[PlyCount "27"]
[EventDate "1996.??.??"]

{3/(8)} 1. d4 d5 2. Nc3 Nf6 3. e4 dxe4 4. f3 Nd5 5. fxe4 Nxc3 6. bxc3 e5 7. Qh5
exd4 8. Bc4 Qe7 9. Ne2 dxc3 10. Nxc3 Be6 11. Bg5 Qb4 12. O-O-O Nc6 13. Bxe6 g6
14. Bd7# 1-0

[Event "Eastpointe (EDO/2/17)"]
[Site "?"]
[Date "1996.??.??"]
[Round "?"]
[White "Nikitin, Mike"]
[Black "Montgomery, D."]
[Result "1-0"]
[WhiteElo "1605"]
[BlackElo "1605"]
[PlyCount "64"]
[EventDate "1996.??.??"]

{2/(17)} 1. d4 Nf6 2. c4 g6 3. Nc3 Bg7 4. e4 d6 5. Nf3 O-O 6. Bd3 e5 7. d5 Nbd7
8. h3 c6 9. Bd2 a6 10. O-O Nc5 11. Bc2 cxd5 12. cxd5 b5 13. b4 Ncd7 14. Re1 Nb6
15. Qc1 Bd7 16. Rb1 Rc8 17. Rb3 Nc4 18. Qb1 Nxd2 19. Nxd2 Nh5 20. Ne2 Qg5 21.
Nf3 Qd8 22. Qb2 f5 23. Rc3 fxe4 24. Bxe4 Nf6 25. Ng3 Nxe4 26. Nxe4 Qb6 27. Rec1
Rxc3 28. Rxc3 Bf5 29. Rc6 Qa7 30. Qc2 Bxe4 31. Qxe4 Rf4 32. Qe1 Rxb4 1-0

[Event "Lansing (MOR/2/4)"]
[Site "?"]
[Date "1996.??.??"]
[Round "?"]
[White "Nikitin, Mike"]
[Black "Marson, Michael"]
[Result "1/2-1/2"]
[WhiteElo "1605"]
[BlackElo "1730"]
[PlyCount "98"]
[EventDate "1996.??.??"]

{2/(4)} 1. d4 Nf6 2. c4 g6 3. Nc3 d5 4. e3 Bg7 5. Qc2 O-O 6. Nf3 c5 7. dxc5 Qa5
8. Bd2 Qxc5 9. b3 dxc4 10. Bxc4 Bf5 11. Na4 Bxc2 12. Nxc5 Ne4 13. Rc1 Nxc5 14.
Rxc2 Nbd7 15. O-O Ne4 16. Bb4 Nd6 17. Bxd6 exd6 18. Bd5 Rab8 19. Ng5 Nf6 20.
Bxf7+ Rxf7 21. Nxf7 Kxf7 22. Rc7+ Kg8 23. Rfc1 Nd5 24. Rc8+ Rxc8 25. Rxc8+ Bf8
26. e4 Nb4 27. a3 Nd3 28. b4 a5 29. Rb8 axb4 30. axb4 Nxb4 31. Rxb7 Nd3 32. Rb8
Kf7 33. Rb7+ Be7 34. f3 Ke6 35. Kf1 h5 36. g3 Bf6 37. Ke2 Nc5 38. Rb8 Nd7 39.
Ra8 g5 40. Ke3 Ne5 41. Ra4 Nc6 42. f4 gxf4+ 43. gxf4 h4 44. h3 Ne7 45. Ra6 Kd7
46. Ra7+ Ke6 47. f5+ Nxf5+ 48. exf5+ Kxf5 49. Ra5+ Be5 1/2-1/2

[Event "Eastpointe (EDO/3/7)"]
[Site "?"]
[Date "1996.??.??"]
[Round "?"]
[White "Nikitin, Mike"]
[Black "Franke, R."]
[Result "0-1"]
[WhiteElo "1605"]
[BlackElo "1800"]
[PlyCount "80"]
[EventDate "1996.??.??"]

{3/(7)} 1. d4 Nf6 2. c4 e6 3. Nc3 d5 4. e3 Be7 5. Nf3 O-O 6. Bd3 dxc4 7. Bxc4
Nbd7 8. O-O Nb6 9. Bd3 Nbd5 10. a3 Nxc3 11. bxc3 c5 12. Qc2 Qc7 13. Ne5 Bd6 14.
f4 g6 15. Bd2 b6 16. Rf3 Bb7 17. Rg3 Bxe5 18. fxe5 Nh5 19. Rg4 f5 20. exf6 Rxf6
21. e4 cxd4 22. cxd4 Qxc2 23. Bxc2 Raf8 24. Bb3 Ng7 25. Bh6 Ba6 26. h3 Rf1+ 27.
Rxf1 Rxf1+ 28. Kh2 Bc8 29. Bc4 Rd1 30. d5 exd5 31. Bxd5+ Rxd5 32. exd5 Bxg4 33.
hxg4 Ne8 34. Bg5 Kf7 35. Kg3 Nf6 36. Bxf6 Kxf6 37. Kf4 Kf7 38. g5 b5 39. d6 a5
40. d7 Ke7 0-1

[Event "Lansing (MOR/7/38)"]
[Site "?"]
[Date "1996.??.??"]
[Round "?"]
[White "Nikitin, Mike"]
[Black "Fleshman, Justin"]
[Result "0-1"]
[WhiteElo "1605"]
[BlackElo "1605"]
[PlyCount "75"]
[EventDate "1996.??.??"]

{7/(38)} 1. e4 e5 2. Nf3 Nc6 3. Bc4 Nf6 4. Ng5 d5 5. exd5 Nxd5 6. Bxd5 Qxd5 7.
Nc3 Qxg2 8. Rf1 Qxg5 9. Nd5 Bd6 10. d3 Qg2 11. Qd2 Qxd5 12. Qg5 O-O 13. Rg1 g6
14. Qf6 Qe6 15. Bg5 Nd4 16. Rd1 Qxf6 17. Bxf6 Nf3+ 18. Kf1 Nxg1 19. Kxg1 Re8
20. Re1 Re6 21. d4 exd4 22. Rxe6 Bxe6 23. Bxd4 Bxa2 24. Kf1 a6 25. b3 Re8 26.
Kg2 Re2 27. c4 Bxb3 28. c5 Be5 29. Kf3 Bc4 30. Be3 Rb2 31. Ke4 Bf6 32. Bd4 Bxd4
33. Kxd4 Bb5 34. f4 b6 35. c6 Bxc6 36. Ke5 Rxh2 37. f5 gxf5 38. Kxf5 {
[Remainder illegible; 0-1, 47?]} 0-1

[Event "Lansing (MOR/4/27)"]
[Site "?"]
[Date "1996.??.??"]
[Round "?"]
[White "Nikitin, Mike"]
[Black "Crysler, Jerry"]
[Result "1-0"]
[WhiteElo "1605"]
[BlackElo "1605"]
[PlyCount "105"]
[EventDate "1996.??.??"]

{4/(27)} 1. d4 d6 2. c4 Bd7 3. Nc3 e6 4. Nf3 Ne7 5. Bg5 f6 6. Bh4 Ng6 7. Bg3
Be7 8. e3 O-O 9. Bd3 f5 10. O-O Be8 11. Qc2 Nd7 12. Rae1 c6 13. Re2 d5 14. c5
Nf6 15. h3 Ne4 16. Bh2 Nh4 17. Nxh4 Bxh4 18. Bxe4 dxe4 19. Qb3 Qd7 20. Rd2 Rf6
21. Ne2 Bh5 22. Nf4 Bf7 23. Qd1 Rh6 24. f3 g5 25. Ne2 exf3 26. gxf3 Rg6 27. Be5
f4 28. e4 Rh6 29. Kg2 Bh5 30. Rh1 Kf7 31. d5 exd5 32. exd5 Ke8 33. Nc3 Bg3 34.
Ne4 cxd5 35. Rxd5 Qc6 36. Nd6+ Kf8 37. Nf5 Rg6 38. Bd6+ Kf7 39. Ne7 Qe8 40.
Rf5+ Rf6 41. Qd5+ Kg7 42. Rxf6 Bxf3+ 43. Qxf3 Kxf6 44. Qc3+ Kf7 45. Qc4+ Kg7
46. Qd4+ Kf7 47. Qd5+ Kg7 48. Qxg5+ Kf7 49. Qf5+ Kg7 50. Be5+ Kh6 51. Bf6 Qh5
52. Bg7+ Kxg7 53. Qxh5 1-0